000 00674nam a2200217 a 4500
008
020 _a1853690678 (hbk.)
049 _aMAIN
090 _aHG8083
_bCHA
110 _aThe Chatered Insurance Institute.
245 0 _a840 The reinsurance market :
_bsupplementary note
_nMay 1993 /
_cThe chartered Insurance Institute.
260 _as.l. :
_bThe Chartered Insurance Institute,
_cc1991.
300 _aVarious pagings ;
_c30 cm.
500 _aIncludes index.
650 _aReinsurance
907 _a.b10158376
_b08-04-15
_c09-03-05
003
005 20230123134016.0
040 _cNUST
942 _cBOOKS
_kHG8083
_mCHA
999 _c158437
_d158437